Saaret maittain #2 - Statistics

Yleistilastot
  • Tätä visaa on pelattu 946 kertaa
  • Keskiarvotulos 13 / 21
Vastaustilastot
Saari Valtio % Oikein
Venetsia Italia
99%
Hongkong Kiina
99%
Manhattan Yhdysvallat
93%
Ródos Kreikka
92%
Mallorca Espanja
91%
Hokkaido Japani
85%
Gotlanti Ruotsi
85%
Phuket Thaimaa
78%
Newfoundland Kanada
75%
Bali Indonesia
74%
Sjælland Tanska
74%
Pohjoissaari Uusi-Seelanti
47%
Mainland (Orkneysaaret) Yhdistynyt kuningaskunta
47%
Sansibar Tansania
46%
Tahiti Ranska
43%
Sahalin Venäjä
37%
Curaçao Alankomaat
32%
Mindanao Filippiinit
32%
Terceira Portugali
28%
Sylt Saksa
25%
Djerba Tunisia
15%
Ehtoja vastaavia visoja ei löytynyt
Tulosjakauma
Jokaisen tuloksen saaneiden osuus
Persentiili vastausten määrän mukaan
Tuloshistoriasi
Et ole pelannut tätä visaa